[Event "Qatar Masters Open 2024"]
[Site "Doha QAT"]
[Date "2024.12.06"]
[Round "4.57"]
[White "Vivaan Vishal Shah"]
[Black "Kamalidenova, Meruert"]
[Result "1-0"]
[WhiteTitle "CM"]
[BlackTitle "IM"]
[WhiteElo "2296"]
[BlackElo "2378"]
[WhiteFideId "25184237"]
[BlackFideId "13712802"]
[EventDate "2024.12.03"]

1. e4 c5 2. Nf3 d6 3. d4 cxd4 4. Nxd4 Nf6 5. Nc3 g6 6. Be3 Nc6 7. f3 h5 8. Bc4
Bd7 9. Bb3 Bg7 10. Qd2 Na5 11. O-O-O Nxb3+ 12. cxb3 Qb8 13. Kb1 b5 14. Rhe1 b4
15. Nd5 Nxd5 16. exd5 Qb7 17. Bg5 O-O 18. Rxe7 Rfe8 19. Nc6 a5 20. Qf4 Rxe7 21.
Nxe7+ Kh7 22. g4 f5 23. gxh5 gxh5 24. Qh4 Be8 25. Bf6 Bh6 26. Bd4 Ra7 27. Qf6
Qxe7 28. Qh8+ Kg6 29. Rg1+ Bg5 30. h4 1-0

[Event "Qatar Masters Open 2024"]
[Site "Doha QAT"]
[Date "2024.12.06"]
[Round "4.58"]
[White "Vaz, Ethan"]
[Black "Fandi, Mazen"]
[Result "1-0"]
[WhiteTitle "IM"]
[WhiteElo "2378"]
[BlackElo "2278"]
[WhiteFideId "25940783"]
[BlackFideId "7611625"]
[EventDate "2024.12.03"]

1. Nf3 Nf6 2. g3 d5 3. Bg2 c5 4. O-O e6 5. c4 d4 6. e3 Nc6 7. exd4 cxd4 8. d3
Bd6 9. Bg5 O-O 10. Nbd2 e5 11. Ne4 Be7 12. Nxf6+ Bxf6 13. Bxf6 Qxf6 14. Nd2 Bd7
15. a3 a5 16. c5 Qe7 17. Rc1 a4 18. Re1 Na5 19. f4 f6 20. fxe5 fxe5 21. Qe2 Rae8
22. Ne4 Nb3 23. Rc4 Bb5 24. Rb4 Ba6 25. Qc2 Rc8 26. Rxb3 axb3 27. Qxb3+ Kh8 28.
Rc1 g6 29. h4 Rc7 30. a4 Qf7 31. Qxf7 Rfxf7 32. Rd1 b6 33. cxb6 Rc2 34. b4 Bb7
35. Rd2 Rc1+ 36. Kh2 Kg7 37. Nc5 Bxg2 38. Kxg2 Rff1 39. b7 Rg1+ 40. Kh3 Rh1+ 41.
Rh2 1-0

[Event "Qatar Masters Open 2024"]
[Site "Doha QAT"]
[Date "2024.12.06"]
[Round "4.59"]
[White "Nayak, Rajesh"]
[Black "Nurgaliyev, Sauat"]
[Result "0-1"]
[WhiteTitle "CM"]
[BlackTitle "IM"]
[WhiteElo "2292"]
[BlackElo "2374"]
[WhiteFideId "35017152"]
[BlackFideId "13726285"]
[EventDate "2024.12.03"]

1. e4 c5 2. Nf3 d6 3. d4 cxd4 4. Nxd4 Nf6 5. Nc3 a6 6. Be2 e5 7. Nb3 Be7 8. Be3
Be6 9. Nd5 Nbd7 10. Qd3 Bxd5 11. exd5 Rc8 12. c4 O-O 13. O-O a5 14. Rae1 b6 15.
Kh1 g6 16. a4 Ne8 17. Bh6 Ng7 18. f4 Re8 19. f5 Bg5 20. Bxg7 Kxg7 21. Bg4 Rc7
22. Qe2 Nf6 23. Bh3 Qa8 24. Na1 e4 25. Nc2 e3 26. Qd3 Rce7 27. Kg1 Re4 28. fxg6
hxg6 29. Re2 Qa6 30. Na3 Rh4 31. Nb5 Re5 32. b3 Qa8 33. Nxd6 Qb8 34. Nb5 Ne4 35.
d6 Nf2 36. Rfxf2 exf2+ 37. Kxf2 Rxe2+ 38. Qxe2 Qd8 39. Qe5+ Bf6 40. Qd5 Qe8 41.
Qd2 Qe4 42. Kg1 Rf4 43. Qd1 Qe3+ 44. Kh1 Qxb3 0-1

[Event "Qatar Masters Open 2024"]
[Site "Doha QAT"]
[Date "2024.12.06"]
[Round "4.60"]
[White "Daakshin, Arun"]
[Black "Arun, Kataria"]
[Result "1-0"]
[WhiteTitle "FM"]
[BlackTitle "FM"]
[WhiteElo "2286"]
[BlackElo "2370"]
[WhiteFideId "366195016"]
[BlackFideId "46630368"]
[EventDate "2024.12.03"]

1. d4 d5 2. c4 e6 3. Nc3 a6 4. cxd5 exd5 5. Nf3 h6 6. Bf4 Nf6 7. e3 Bd6 8. Be5
c6 9. Bd3 O-O 10. O-O Re8 11. Bxd6 Qxd6 12. h3 Nbd7 13. Qc2 c5 14. dxc5 Nxc5 15.
Rfd1 Nxd3 16. Qxd3 Qb6 17. b3 Be6 18. Qd4 Qa5 19. b4 Qd8 20. Na4 Bf5 21. Nb6 Re4
22. Qc5 Rb8 23. Nxd5 b6 24. Nxb6 Qxb6 25. Qxf5 Rxb4 26. Rac1 Qb7 27. Nd4 Rb2 28.
a4 Re8 29. Qf4 Qb4 30. Rc6 Ne4 31. Nf5 Rxf2 32. Qg4 Qb2 33. Nxh6+ Kf8 34. Nf5 g6
35. Nh4 Qb3 36. Re1 Qxa4 37. Nxg6+ fxg6 38. Qxg6 Qa2 39. Qh6+ Ke7 40. Qg7+ Qf7
41. Rc7+ Ke6 42. Rxf7 Rxf7 43. Qg4+ 1-0

[Event "Qatar Masters Open 2024"]
[Site "Doha QAT"]
[Date "2024.12.06"]
[Round "4.61"]
[White "Jaiveer, Mahendru"]
[Black "Bukreev, Stanislav"]
[Result "0-1"]
[WhiteTitle "FM"]
[BlackTitle "FM"]
[WhiteElo "2271"]
[BlackElo "2384"]
[WhiteFideId "25611151"]
[BlackFideId "34252347"]
[EventDate "2024.12.03"]

1. e4 e6 2. d4 d5 3. Nc3 Nf6 4. e5 Nfd7 5. f4 c5 6. Nf3 Nc6 7. Be3 a6 8. Qd2 b5
9. h4 Qa5 10. h5 h6 11. Ne2 b4 12. g4 Be7 13. Bg2 Qc7 14. O-O a5 15. Rae1 Ba6
16. f5 Nb6 17. fxe6 fxe6 18. b3 Bxe2 19. Rxe2 Nd7 20. Qd3 O-O-O 21. c3 bxc3 22.
Rc1 Nb4 23. Qxc3 Na6 24. dxc5 Bxc5 25. Bxc5 Ndxc5 26. Nd4 Qb6 27. Qe3 Kb7 28.
Rd2 Rhe8 29. Bf1 Rc8 30. Bb5 Re7 31. a3 Rec7 32. Rdc2 Nb8 33. Kg2 Ne4 34. Bd3
Rxc2+ 35. Rxc2 Rxc2+ 36. Nxc2 Qxe3 37. Nxe3 Nc5 38. Bh7 Nxb3 39. Bg8 Nc5 40. Kf3
Nbd7 41. Kf4 Nd3+ 42. Kg3 N7c5 43. Nc2 Kc7 44. Nd4 Kd7 45. Nf3 Ne4+ 46. Kg2 Ng5 0-1

[Event "Qatar Masters Open 2024"]
[Site "Doha QAT"]
[Date "2024.12.06"]
[Round "4.62"]
[White "Aitbayev, Aslan"]
[Black "Ezat, Mohamed"]
[Result "1/2-1/2"]
[WhiteTitle "IM"]
[BlackTitle "IM"]
[WhiteElo "2369"]
[BlackElo "2312"]
[WhiteFideId "13704613"]
[BlackFideId "10600906"]
[EventDate "2024.12.03"]

1. e4 c6 2. d4 d5 3. e5 Bf5 4. Nd2 e6 5. Nb3 Nd7 6. Nf3 Bg6 7. Be2 Ne7 8. O-O
Nf5 9. a4 a6 10. a5 c5 11. c4 dxc4 12. Bxc4 cxd4 13. Nbxd4 Nxd4 14. Qxd4 Bc5 15.
Qg4 Qc7 16. Bd2 Nxe5 17. Nxe5 Qxe5 18. Rac1 O-O 19. Bf4 Qxb2 20. Bxe6 Qb5 21.
Qg5 Ba3 22. Rc3 Bb4 23. Rb3 fxe6 24. Qxb5 axb5 25. Rxb4 Rxa5 26. Bd6 Rc8 27. Re1
Bd3 28. Rd4 Bg6 29. Rb4 Rc6 30. Be5 Rc4 31. Rb2 b4 32. f4 Rc2 33. Reb1 Rxb2 34.
Rxb2 Rb5 35. Rd2 b3 36. Bb2 Ra5 37. Rd8+ Kf7 38. Rd7+ Ke8 39. Rxb7 Bc2 40. Bxg7
Ra2 41. g4 Kd8 42. Be5 Be4 1/2-1/2

[Event "Qatar Masters Open 2024"]
[Site "Doha QAT"]
[Date "2024.12.06"]
[Round "4.63"]
[White "Priansh, Das"]
[Black "Wafa, Hamed"]
[Result "1-0"]
[BlackTitle "IM"]
[WhiteElo "2311"]
[BlackElo "2359"]
[WhiteFideId "45029946"]
[BlackFideId "10628452"]
[EventDate "2024.12.03"]

1. e4 e5 2. Nf3 Nc6 3. Bc4 Bc5 4. d3 Nf6 5. c3 d6 6. O-O a5 7. Re1 O-O 8. h3 Ba7
9. Na3 Be6 10. Bxe6 fxe6 11. Nb5 Bb6 12. Be3 Bxe3 13. Rxe3 d5 14. Re1 d4 15.
cxd4 exd4 16. Qa4 Nh5 17. Nbxd4 Nf4 18. Nxc6 bxc6 19. Re3 Qf6 20. Qc2 Rab8 21.
d4 Rb5 22. Ne5 Qh4 23. g3 Qg5 24. h4 Qh6 25. gxf4 Rxf4 26. Qxc6 Rb8 27. d5 Rf6
28. Rg3 Qf4 29. Ng4 Rg6 30. h5 Rg5 31. Qxe6+ Kh8 32. h6 Rg8 33. Kg2 Rg6 34. Qf5
Qd2 35. hxg7+ R8xg7 36. Rh1 1-0

[Event "Qatar Masters Open 2024"]
[Site "Doha QAT"]
[Date "2024.12.06"]
[Round "4.64"]
[White "Navrotescu, Andreea"]
[Black "Jeet, Jain"]
[Result "1-0"]
[WhiteTitle "WGM"]
[BlackTitle "FM"]
[WhiteElo "2356"]
[BlackElo "2301"]
[WhiteFideId "675946"]
[BlackFideId "5073022"]
[EventDate "2024.12.03"]

1. c4 e6 2. g3 d5 3. Bg2 Nf6 4. Nf3 Be7 5. O-O O-O 6. b3 c5 7. cxd5 Nxd5 8. Bb2
Nc6 9. d3 f6 10. Nbd2 e5 11. a3 Be6 12. Rc1 Qd7 13. Ne4 b6 14. e3 h6 15. Qc2
Rac8 16. Rfd1 g5 17. Qb1 Rfd8 18. Nc3 Bf8 19. d4 exd4 20. exd4 g4 21. Nh4 Nxc3
22. Bxc3 Nxd4 23. Re1 Bf7 24. Be4 Re8 25. Rcd1 Rcd8 26. Bxd4 cxd4 27. Nf5 Qb5
28. Nxd4 Qg5 29. b4 Kh8 30. Nc6 Rxd1 31. Rxd1 Qb5 32. Nd8 Ba2 33. Qxa2 Rxe4 34.
Qf7 Qe8 35. Qxf6+ Kg8 36. Kg2 Re2 37. Rd4 h5 38. Qf5 Bg7 39. Qd5+ Kh7 40. Rf4
Re5 41. Qd3+ Kg8 42. h3 gxh3+ 43. Kxh3 Qb5 44. Qxb5 Rxb5 45. Nc6 a6 46. a4 Rg5
47. Kh4 Bh6 48. Ne7+ Kh7 49. Rf7+ Rg7 50. Rxg7+ Bxg7 51. Kxh5 Bc3 52. Nd5 Be1
53. f3 Bxg3 54. Nxb6 Kg7 55. Kg5 Kf7 56. Kf5 Ke7 57. Nd5+ Kd6 58. Ke4 Be1 59. f4
Kc6 60. Kd4 Bf2+ 61. Ke5 Bg3 62. Ke6 1-0

[Event "Qatar Masters Open 2024"]
[Site "Doha QAT"]
[Date "2024.12.06"]
[Round "4.65"]
[White "Sliwicka, Alicja"]
[Black "Bhagat Kush"]
[Result "1-0"]
[WhiteTitle "WGM"]
[BlackTitle "FM"]
[WhiteElo "2346"]
[BlackElo "2288"]
[WhiteFideId "1150677"]
[BlackFideId "46672940"]
[EventDate "2024.12.03"]

1. e4 c5 2. Nf3 e6 3. d4 cxd4 4. Nxd4 Nf6 5. Nc3 Nc6 6. Bf4 Bb4 7. Nb5 Nxe4 8.
Qf3 d5 9. Nc7+ Kf8 10. Nxa8 e5 11. Bd2 Nd4 12. Qd3 Nxd2 13. Qxd2 Bg4 14. a3 Be7
15. Nb5 Nxb5 16. Bxb5 Be6 17. O-O Qxa8 18. f4 exf4 19. Qxf4 Qc8 20. Kh1 h5 21.
Rae1 Kg8 22. c4 dxc4 23. Rxe6 Qxe6 24. Bxc4 Bd6 25. Qc1 Qe5 26. Bxf7+ Kf8 27.
Bd5+ Ke7 28. Re1 1-0

[Event "Qatar Masters Open 2024"]
[Site "Doha QAT"]
[Date "2024.12.06"]
[Round "4.66"]
[White "Munkhzul, Turmunkh"]
[Black "Aziz, Husain"]
[Result "1/2-1/2"]
[WhiteTitle "WGM"]
[BlackTitle "IM"]
[WhiteElo "2301"]
[BlackElo "2329"]
[WhiteFideId "4901878"]
[BlackFideId "12100293"]
[EventDate "2024.12.03"]

1. e4 e5 2. Nf3 Nc6 3. Bb5 a6 4. Bxc6 dxc6 5. Nc3 f6 6. d4 exd4 7. Qxd4 Qxd4 8.
Nxd4 Bd7 9. Be3 O-O-O 10. f3 Ne7 11. Kf2 Ng6 12. Rad1 Re8 13. g4 Ne5 14. b3 h5
15. h3 Rh7 16. Nde2 Bb4 17. Na4 b6 18. Nf4 g6 19. Nb2 Reh8 20. Nbd3 Nxd3+ 21.
Nxd3 Bd6 22. g5 fxg5 23. Bxg5 h4 24. Kg2 Re8 25. Rhf1 Rf7 26. Nf2 Bg3 27. Ng4
Be6 28. Rd3 a5 29. Rfd1 Kb7 30. Rd8 Rff8 31. Rxe8 Rxe8 32. Rd8 Rxd8 33. Bxd8 a4
34. Bf6 c5 35. Ne3 axb3 36. axb3 b5 37. Bg5 Kc6 38. f4 Kd6 39. Bh6 Bf7 40. Kf3
Be1 41. Bf8+ Kc6 42. Ng4 Bc3 43. Be7 b4 44. Ne3 Bd4 45. Ng4 Be6 46. Bxh4 c4 47.
bxc4 Kc5 48. Be1 Kxc4 49. h4 c5 50. Ne5+ Bxe5 51. fxe5 Bd7 52. e6 Bxe6 53. Kf4
Bd7 54. Ke3 Ba4 55. Kd2 Kd4 56. Bf2+ Kxe4 57. Bxc5 b3 58. cxb3 Bxb3 59. Kc3 1/2-1/2

[Event "Qatar Masters Open 2024"]
[Site "Doha QAT"]
[Date "2024.12.06"]
[Round "4.67"]
[White "Bagwe, Gaurang"]
[Black "Garv, Rai"]
[Result "1-0"]
[WhiteTitle "FM"]
[WhiteElo "2302"]
[BlackElo "2277"]
[WhiteFideId "45039895"]
[BlackFideId "35049593"]
[EventDate "2024.12.03"]

1. e4 e5 2. Nf3 Nc6 3. Bb5 Nf6 4. O-O Nxe4 5. d4 Nd6 6. Bxc6 dxc6 7. dxe5 Nf5 8.
Qxd8+ Kxd8 9. Nc3 Ke8 10. h3 h5 11. Ne2 Be7 12. Bf4 Be6 13. Ned4 Nxd4 14. Nxd4
Rd8 15. Nxe6 fxe6 16. Rad1 Kf7 17. g3 Kg6 18. Kg2 Rxd1 19. Rxd1 Rd8 20. Re1 Bg5
21. Bxg5 Kxg5 22. f4+ Kg6 23. Kf3 Rd2 24. Re2 Rd1 25. g4 hxg4+ 26. hxg4 Kf7 27.
f5 Rf1+ 28. Rf2 Re1 29. Kf4 Ke7 30. Rh2 Rf1+ 31. Kg5 exf5 32. gxf5 Rg1+ 33. Kf4
Rf1+ 34. Kg4 Re1 35. Rg2 Kf7 36. Kf4 Rf1+ 37. Kg5 Re1 38. e6+ Kf8 39. Rg3 Re2
40. Rd3 Rg2+ 41. Kf4 Rf2+ 42. Kg4 Rxc2 43. Rd8+ Ke7 44. Rd7+ Ke8 45. Kf3 Rxb2
46. Rxg7 Rb1 47. Rxc7 a5 48. Kf4 a4 49. Ke5 Kd8 50. Rd7+ Kc8 51. f6 a3 52. f7
Re1+ 53. Kd6 Rf1 54. Rc7+ Kb8 55. Re7 Ka7 56. Re8 1-0

[Event "Qatar Masters Open 2024"]
[Site "Doha QAT"]
[Date "2024.12.06"]
[Round "4.68"]
[White "Binu, Devdutt"]
[Black "Sultan, Ibrahim"]
[Result "0-1"]
[WhiteTitle "CM"]
[BlackTitle "IM"]
[WhiteElo "2274"]
[BlackElo "2205"]
[WhiteFideId "366108941"]
[BlackFideId "9301143"]
[EventDate "2024.12.03"]

1. d4 d5 2. c4 c6 3. Nc3 Nf6 4. e3 e6 5. Nf3 a6 6. b3 Bb4 7. Bd2 Nbd7 8. Bd3 O-O
9. O-O Bd6 10. e4 dxc4 11. bxc4 e5 12. c5 Bc7 13. Na4 exd4 14. h3 Re8 15. Qc2 h6
16. Rae1 Nh5 17. e5 Nxe5 18. Nxe5 Rxe5 19. Rxe5 Bxe5 20. Nb6 Rb8 21. Bf5 d3 22.
Bxd3 Be6 23. Bf5 Bf4 24. Bxe6 Qxd2 25. Bxf7+ Kxf7 26. Qb3+ Kf8 27. g3 Rd8 28.
Qf3 g6 29. gxf4 Qxf4 30. Qxf4+ Nxf4 31. Rb1 Ne6 32. Rc1 Kf7 33. Nc4 Kf6 34. Na5
Rd7 35. Kf1 Re7 36. Nb3 g5 37. Na5 h5 38. Rc2 h4 39. Rc1 Nf4 40. Rc3 g4 41. Rc4
Kg5 42. hxg4 Rd7 43. Kg1 Rd1+ 44. Kh2 Rd2 45. Nxb7 Rxf2+ 46. Kh1 h3 47. Nd6 Rxa2
48. Nf7+ Kxg4 49. Ne5+ Kg5 50. Nf3+ Kf5 51. Nh4+ Kg4 52. Ng6 Rf2 53. Ra4 Kg3 54.
Ra3+ Rf3 55. Rxf3+ Kxf3 56. Ne5+ Kg3 57. Nxc6 Nd3 0-1

[Event "Qatar Masters Open 2024"]
[Site "Doha QAT"]
[Date "2024.12.06"]
[Round "4.69"]
[White "Luong Phuong Hanh"]
[Black "Yakubbaeva, Nilufar"]
[Result "1-0"]
[WhiteTitle "WIM"]
[BlackTitle "WGM"]
[WhiteElo "2225"]
[BlackElo "2241"]
[WhiteFideId "12401013"]
[BlackFideId "14204487"]
[EventDate "2024.12.03"]

1. d4 Nf6 2. Nf3 e6 3. e3 b6 4. Bd3 Bb7 5. O-O d5 6. b3 Bd6 7. Bb2 O-O 8. Nbd2
c5 9. Ne5 Nbd7 10. f4 Ne4 11. Nxe4 dxe4 12. Bc4 Nf6 13. Ng4 Be7 14. f5 exf5 15.
Rxf5 Bc8 16. Nxf6+ Bxf6 17. Rf4 Bb7 18. Qh5 g6 19. Qe2 Bg7 20. Rd1 cxd4 21. Ba3
Be5 22. Rff1 b5 23. Bxf8 bxc4 24. exd4 Qxf8 25. dxe5 cxb3 26. axb3 Qc5+ 27. Qf2
Qc7 28. Rd6 Bc8 29. Qf6 Bg4 30. h3 Be2 31. Rf2 Bb5 32. e6 Be8 33. Rd7 Bxd7 34.
exf7+ Kf8 35. Qh8+ 1-0

[Event "Qatar Masters Open 2024"]
[Site "Doha QAT"]
[Date "2024.12.07"]
[Round "5.1"]
[White "Esipenko, Andrey"]
[Black "Daneshvar, Bardiya"]
[Result "1/2-1/2"]
[WhiteTitle "GM"]
[BlackTitle "GM"]
[WhiteElo "2682"]
[BlackElo "2600"]
[WhiteFideId "24175439"]
[BlackFideId "12576468"]
[EventDate "2024.12.03"]

1. d4 Nf6 2. c4 g6 3. Nc3 Bg7 4. e4 d6 5. h3 e5 6. d5 a5 7. Be3 Na6 8. Bd3 O-O
9. g4 Nd7 10. Nf3 Ndc5 11. Rg1 c6 12. a3 cxd5 13. Nxd5 Nc7 14. Nc3 N7e6 15. Bc2
Nf4 16. h4 b6 17. a4 Be6 18. Nd5 Bxd5 19. exd5 e4 20. Bxf4 exf3 21. Qxf3 Bxb2
22. Rb1 Bg7 23. Kf1 Na6 24. h5 Nb4 25. Bb3 Qf6 26. Kg2 Rfe8 27. Be3 Rab8 28.
Rgd1 Qe7 29. Bf4 gxh5 30. g5 Be5 31. Be3 f6 32. Rh1 fxg5 33. Rxh5 Rf8 34. Qe4
Rbe8 35. Rbh1 Bf4 36. Qxe7 Rxe7 37. Bxb6 Nd3 38. c5 Nxf2 39. cxd6 Re2 40. d7
Nxh1+ 41. Kxh1 Re1+ 42. Kg2 Re2+ 43. Kh1 1/2-1/2

[Event "Qatar Masters Open 2024"]
[Site "Doha QAT"]
[Date "2024.12.07"]
[Round "5.2"]
[White "Sargsyan, Shant"]
[Black "Naiditsch, Arkadij"]
[Result "1-0"]
[WhiteTitle "GM"]
[BlackTitle "GM"]
[WhiteElo "2646"]
[BlackElo "2636"]
[WhiteFideId "13306766"]
[BlackFideId "4650891"]
[EventDate "2024.12.03"]

1. e4 c5 2. Nf3 d6 3. d4 cxd4 4. Nxd4 Nf6 5. Nc3 Nc6 6. Bc4 e6 7. Be3 Be7 8. Qe2
Nxd4 9. Bxd4 O-O 10. Bb3 Qa5 11. O-O b6 12. Nb5 Bb7 13. Bc3 Qa6 14. e5 Ne4 15.
Bb4 Bc6 16. Bc4 Qb7 17. exd6 Bf6 18. Nc7 b5 19. Bxb5 Bxb5 20. Qxb5 Qxb5 21. Nxb5
Rab8 22. c4 Rfc8 23. Ba3 Rxc4 24. Rfc1 Rbc8 25. Rxc4 Rxc4 26. Rd1 Bd8 27. d7 f5
28. f3 Nf6 29. Nxa7 Bb6+ 30. Kf1 Nd5 31. Nc8 Bd8 32. Ne7+ Nxe7 33. Bxe7 Bxe7 34.
d8=Q+ Bxd8 35. Rxd8+ Kf7 36. Ke2 e5 37. Kd2 g5 38. Rd7+ Kg6 39. Rd6+ Kh5 40. Rd5
Rh4 41. h3 Ra4 42. a3 Kh4 43. Rxe5 Kg3 44. Rxf5 h6 45. Rf6 Rh4 46. f4 gxf4 47.
Rg6+ Kf2 48. b4 Rh5 49. a4 1-0

[Event "Qatar Masters Open 2024"]
[Site "Doha QAT"]
[Date "2024.12.07"]
[Round "5.3"]
[White "Idani, Pouya"]
[Black "Karthikeyan, Murali"]
[Result "0-1"]
[WhiteTitle "GM"]
[BlackTitle "GM"]
[WhiteElo "2603"]
[BlackElo "2637"]
[WhiteFideId "12510130"]
[BlackFideId "5074452"]
[EventDate "2024.12.03"]

1. e4 e5 2. Nf3 Nc6 3. Bc4 Nf6 4. d3 h6 5. Nc3 d6 6. a4 g6 7. O-O Bg7 8. h3 O-O
9. Be3 Be6 10. Bxe6 fxe6 11. Ne2 Nh5 12. c3 d5 13. Ng3 Nf4 14. b4 g5 15. Re1
dxe4 16. dxe4 Nxh3+ 17. gxh3 Qxd1 18. Raxd1 Rxf3 19. Rd7 Rc8 20. Red1 b6 21. b5
Na5 22. Nh5 Bf8 23. h4 Rf7 24. hxg5 hxg5 25. Rd8 Rxd8 26. Rxd8 Kh7 27. Re8 Be7
28. Rc8 Bd6 29. Re8 Be7 30. Rc8 Bd6 31. Re8 Re7 32. Ra8 Kg6 33. Ng3 c6 34. Rd8
Ba3 35. Rg8+ Rg7 36. Re8 Re7 37. Rg8+ Rg7 38. Re8 cxb5 39. axb5 Re7 40. Rg8+ Rg7
41. Re8 Be7 42. Rc8 Bd6 43. Re8 Re7 44. Rg8+ Kf7 45. Rxg5 Nc4 46. Nh5 Na3 47.
Rg7+ Kf8 48. Rg6 Nxb5 49. Bh6+ Ke8 50. Bg5 Rh7 51. Bh6 Nc7 52. Kf1 Be7 53. f4
exf4 54. Bxf4 Nb5 55. Ng3 Rf7 0-1

[Event "Qatar Masters Open 2024"]
[Site "Doha QAT"]
[Date "2024.12.07"]
[Round "5.5"]
[White "Pranesh, M"]
[Black "Vokhidov, Shamsiddin"]
[Result "1/2-1/2"]
[WhiteTitle "GM"]
[BlackTitle "GM"]
[WhiteElo "2582"]
[BlackElo "2681"]
[WhiteFideId "35028600"]
[BlackFideId "14204223"]
[EventDate "2024.12.03"]

1. e4 c5 2. Nc3 e6 3. Nf3 a6 4. d4 cxd4 5. Nxd4 Qc7 6. Qf3 Nf6 7. g4 h6 8. Bf4
d6 9. Bg3 Nbd7 10. O-O-O Ne5 11. Qe2 g5 12. h4 Rg8 13. f3 Bd7 14. Qd2 b5 15. a3
Rc8 16. Be2 Qb8 17. Nb3 Nc4 18. Bxc4 bxc4 19. Nd4 Qb7 20. e5 Nd5 21. Nxd5 Qxd5
22. Qc3 dxe5 23. Ne2 Qb7 24. Bxe5 Bc6 25. Nd4 Bd5 26. hxg5 hxg5 27. Rhe1 Be7 28.
Nf5 Rg6 29. Rd2 Rd8 30. Nxe7 Qxe7 31. f4 gxf4 32. Bxf4 Rxg4 33. Be5 Qc5 34. Bf6
Rc8 35. Bd4 Qd6 36. Be5 Qc5 37. Rdd1 f5 38. Bh2 Kf7 39. Be5 Qe7 40. Qa5 Qc5 41.
Qd2 Qe7 42. Qa5 Qc5 43. Qd2 Qe7 44. Kb1 1/2-1/2

[Event "Qatar Masters Open 2024"]
[Site "Doha QAT"]
[Date "2024.12.07"]
[Round "5.6"]
[White "Nihal, Sarin"]
[Black "Abdisalimov, Abdimalik"]
[Result "1/2-1/2"]
[WhiteTitle "GM"]
[BlackTitle "GM"]
[WhiteElo "2676"]
[BlackElo "2536"]
[WhiteFideId "25092340"]
[BlackFideId "14206323"]
[EventDate "2024.12.03"]

1. Nf3 d5 2. e3 c5 3. b3 Nc6 4. Bb2 a6 5. d4 Nf6 6. dxc5 e6 7. a3 Bxc5 8. Nbd2
O-O 9. c4 dxc4 10. b4 Be7 11. Bxc4 b5 12. Be2 Bb7 13. O-O h6 14. Rc1 Rc8 15. Nb3
Qb6 16. Nbd4 Rfd8 17. Qb3 Nb8 18. Ba1 Bd5 19. Qb2 Nbd7 20. Nb3 Qb7 21. Na5 Qa8
22. Rxc8 Rxc8 23. Rc1 Bd8 24. Rxc8 Qxc8 25. Nd2 Nb6 26. Bd3 Na4 27. Qc2 Qxc2 28.
Bxc2 Bxa5 29. bxa5 Nc5 30. f3 Nfd7 31. e4 Ba2 32. Bd4 e5 33. Bc3 f6 34. Bb4 Kf7
35. Kf2 Na4 36. Nb3 Nb8 37. h4 g6 38. g3 Nc6 39. f4 Nb2 40. Nc5 Nc4 41. Nxa6
N4xa5 42. fxe5 fxe5 43. Bc3 Bb3 44. Bxb3+ Nxb3 45. Ke3 Nbd4 1/2-1/2

[Event "Qatar Masters Open 2024"]
[Site "Doha QAT"]
[Date "2024.12.07"]
[Round "5.7"]
[White "Lodici, Lorenzo"]
[Black "Yakubboev, Nodirbek"]
[Result "1/2-1/2"]
[WhiteTitle "GM"]
[BlackTitle "GM"]
[WhiteElo "2564"]
[BlackElo "2668"]
[WhiteFideId "884189"]
[BlackFideId "14203987"]
[EventDate "2024.12.03"]

1. d4 Nf6 2. c4 e6 3. Nc3 d5 4. cxd5 exd5 5. Bf4 Bd6 6. Bxd6 Qxd6 7. Qc2 O-O 8.
e3 Qe7 9. Nf3 c6 10. Bd3 Re8 11. O-O Nbd7 12. Rab1 Ne4 13. b4 Ndf6 14. b5 c5 15.
dxc5 Nxc5 16. Rbc1 Nxd3 17. Qxd3 Be6 18. Ne2 d4 19. Nfxd4 Bxa2 20. Ra1 Bd5 21.
Nf4 Be4 22. Qa3 a5 23. f3 g5 24. Nfe2 Bg6 25. e4 Nd7 26. Rfc1 Qd8 27. Qd6 Ne5
28. Qxd8 Rexd8 29. b6 Rd6 30. Rc5 f6 31. Raxa5 Rxa5 32. Rxa5 Rxb6 33. h4 gxh4
34. Rc5 h3 35. gxh3 Nc6 36. Nxc6 Rxc6 37. Rd5 Be8 38. Nd4 Rc7 39. Rd8 Kf7 40.
Rb8 Bd7 41. Kg2 Ke7 42. Rh8 1/2-1/2

[Event "Qatar Masters Open 2024"]
[Site "Doha QAT"]
[Date "2024.12.07"]
[Round "5.8"]
[White "Martirosyan, Haik M."]
[Black "Zemlyanskii, Ivan"]
[Result "1/2-1/2"]
[WhiteTitle "GM"]
[BlackTitle "GM"]
[WhiteElo "2656"]
[BlackElo "2543"]
[WhiteFideId "13306553"]
[BlackFideId "24249971"]
[EventDate "2024.12.03"]

1. e4 e5 2. Nf3 Nc6 3. Bc4 Nf6 4. d3 Be7 5. O-O O-O 6. Nbd2 d6 7. a4 Na5 8. Ba2
c5 9. Nc4 Nc6 10. Bg5 Be6 11. Bxf6 Bxf6 12. Ne3 Bg5 13. Bxe6 fxe6 14. Nc4 Bh6
15. c3 Qd7 16. Rb1 Rab8 17. Re1 a6 18. a5 Qc7 19. b4 cxb4 20. cxb4 Rf6 21. Ne3
Bxe3 22. fxe3 Rbf8 23. d4 exd4 24. exd4 d5 25. Qd3 h6 26. b5 dxe4 27. Qxe4 axb5
28. Rxb5 Qd7 29. Rb6 Rf4 30. Qxe6+ Qxe6 31. Rxe6 Nxd4 32. Re3 Nxf3+ 33. Rxf3
Rxf3 34. gxf3 Rf5 1/2-1/2

[Event "Qatar Masters Open 2024"]
[Site "Doha QAT"]
[Date "2024.12.07"]
[Round "5.9"]
[White "Bharath, Subramaniyam H"]
[Black "Narayanan, S.L."]
[Result "1/2-1/2"]
[WhiteTitle "GM"]
[BlackTitle "GM"]
[WhiteElo "2561"]
[BlackElo "2647"]
[WhiteFideId "46634827"]
[BlackFideId "5058422"]
[EventDate "2024.12.03"]

1. e4 c5 2. Nf3 Nc6 3. Bb5 e6 4. Bxc6 bxc6 5. b3 f6 6. O-O Nh6 7. c3 Nf7 8. d4
Be7 9. Ba3 cxd4 10. Bxe7 Qxe7 11. cxd4 O-O 12. Nc3 d6 13. b4 d5 14. Rb1 a5 15.
bxa5 Rxa5 16. a4 dxe4 17. Nxe4 e5 18. dxe5 Nxe5 19. Nxe5 Rxe5 20. Nc3 Bf5 21.
Qb3+ Qf7 22. Qxf7+ Kxf7 23. Rb7+ Kg6 24. h3 h5 25. Rc7 Rc5 26. Ne2 Ra8 27. Ra1
Rca5 28. Nc3 Rc5 29. Ne2 Rca5 30. Nc3 Rc5 1/2-1/2

[Event "Qatar Masters Open 2024"]
[Site "Doha QAT"]
[Date "2024.12.07"]
[Round "5.10"]
[White "Salem, A.R. Saleh"]
[Black "Sankalp, Gupta"]
[Result "1-0"]
[WhiteTitle "GM"]
[BlackTitle "GM"]
[WhiteElo "2622"]
[BlackElo "2545"]
[WhiteFideId "9301348"]
[BlackFideId "5097010"]
[EventDate "2024.12.03"]

1. d4 Nf6 2. c4 e6 3. Nc3 Bb4 4. e3 O-O 5. a3 Bxc3+ 6. bxc3 c5 7. Bd3 d5 8. cxd5
exd5 9. Ne2 b6 10. O-O Ba6 11. dxc5 bxc5 12. Bxa6 Nxa6 13. c4 Rb8 14. Qc2 dxc4
15. Qxc4 Qa5 16. Ra2 Rfd8 17. e4 Nd7 18. Bf4 Nb6 19. Qc1 Rbc8 20. Ng3 Qa4 21.
Nf5 Qxe4 22. Nd6 Rxd6 23. Bxd6 c4 24. Re1 Qc6 25. Rae2 h6 26. Qc2 Nd5 27. h4 c3
28. Re4 Rd8 29. Be5 Nc5 30. Rc4 Qb5 31. Rg4 Ne6 32. Bxc3 Rc8 33. Rg3 Qc6 34. Rc1
Qc4 35. Qd2 Ndf4 36. Re1 Nh5 37. Rf3 Nhf4 38. Be5 Ng6 39. Rc3 Qa6 40. Qd6 Qxd6
41. Rxc8+ Qf8 42. Rxf8+ Kxf8 1-0